World Capitals Closest to Jerusalem - One Minute Sprint - Statistics

General Stats
  • This quiz has been taken 36 times
  • The average score is 13 of 20
Answer Stats
km capital miles % Correct
430 Cairo 267
96%
71 Amman 50
93%
237 Beirut 147
93%
217 Damascus 135
93%
879 Baghdad 546
89%
932 Ankara 579
82%
1376 Riyadh 855
79%
1559 Tehran 969
75%
1250 Kuwait City 777
71%
415 Nicosia 258
71%
1256 Athens 780
68%
1253 Yerevan 779
61%
1628 Baku 1012
57%
1396 Tbilisi 868
57%
1616 Manama 1004
54%
1606 Sofia 998
43%
1670 Skopje 1038
29%
1736 Tirana 1079
29%
1735 Pristina 1078
25%
1619 Bucharest 1006
21%
No matching quizzes found
Score Distribution
Percent of People with Each Score
Percentile by Number Answered
Your Score History
You have not taken this quiz